00586cam a2200157 a 450000100100000000500170001000800410002704000290006808200180009710000380011524501200015326000570027330000280033065100350035865100350039300001891320200929165900.0830404s1967 gt 000 0 spa d aDO-SdBNPbspacLCdBNPHU a915.17bD542u1 aDíaz Vasconcelos, Luis Antonio.13aUn viaje a Formosa pasando por otras partes :bcrónica de un viaje al Oriente /cLuis Antonio Díaz Vasconcelos. aGuatemala :bTipografía Nacional Guatemala,c1967. a494 p. :bil. ;c21 cm. 4aTaiwanxDescripción Y Viajes 4aFormosaxRelaciones Exteriores